Australian Rugby League Test Players 1990-2024 - Statistics

General Stats
  • This quiz has been taken 226 times
  • The average score is 113 of 283
Answer Stats
Hint Answer % Correct
Melbourne Cameron Smith
86%
Brisbane Darren Smith
86%
Canterbury Jason Smith
86%
Penrith Lindsay Smith
86%
Brisbane Ben Hunt
76%
Melbourne Cooper Cronk
76%
Brisbane Karmichael Hunt
76%
St George Illawarra Matt Cooper
76%
Newcastle Andrew Johns
71%
Brisbane Chris Johns
71%
Manly Daly Cherry-Evans
71%
Nth Qld Johnathan Thurston
71%
Melbourne Josh Addo-Carr
71%
Penrith Luke Lewis
71%
Newcastle Matthew Johns
71%
Penrith Nathan Cleary
71%
Gold Coast Wally Lewis
71%
Brisbane Allan Langer
67%
Penrith Brad Fittler
67%
Brisbane Darren Lockyer
67%
Brisbane Gorden Tallis
67%
Parramatta Jamie Lyon
67%
Canberra Laurie Daley
67%
Canberra Mal Meninga
67%
St George Illawarra Mark Gasnier
67%
Parramatta Nathan Hindmarsh
67%
Brisbane Petro Civoniceva
67%
Canberra Ricky Stuart
67%
Brisbane Shane Webcke
67%
Melbourne Billy Slater
62%
Penrith Dylan Edwards
62%
Penrith Isaah Yeo
62%
Brisbane Kerrod Walters
62%
Brisbane Kevin Walters
62%
Warriors Mitch Barnett
62%
Brisbane Patrick Carrigan
62%
Brisbane Payne Haas
62%
Brisbane Sam Thaiday
62%
Canberra Steve Walters
62%
Cronulla Valentine Holmes
62%
Melbourne Xavier Coates
62%
Easts Angus Crichton
57%
Easts Anthony Tupou
57%
Newcastle Ben Kennedy
57%
Easts Bryan Fletcher
57%
Souths Campbell Graham
57%
Easts Daniel Tupou
57%
Manly David Williams
57%
Canberra Glenn Lazarus
57%
Dolphins Hamiso Tabuai-Fidow
57%
Melbourne Harry Grant
57%
Manly Jake Trbojevic
57%
Canberra Jason Croker
57%
Souths Latrell Mitchell
57%
Penrith Liam Martin
57%
Manly Mark Carroll
57%
Melbourne Matt King
57%
Easts Michael Crocker
57%
Cronulla Paul Gallen
57%
Melbourne Scott Hill
57%
Brisbane Selwyn Cobbo
57%
Manly Terry Hill
57%
Manly Tom Trbojevic
57%
Brisbane Tonie Carroll
57%
Manly Tony Williams
57%
Cronulla Wade Graham
57%
Canterbury Willie Mason
57%
Cronulla Andrew Ettingshausen
52%
Cronulla Andrew Fifita
52%
St George Illawarra Beau Scott
52%
Brisbane Brad Thorn
52%
Canberra Brett Mullins
52%
Manly Brett Stewart
52%
Melbourne Cameron Munster
52%
Souths Cameron Murray
52%
Melbourne Dallas Johnson
52%
Souths Damien Cook
52%
St George Illawarra Dean Young
52%
Manly Glenn Stewart
52%
Gold Coast Greg Bird
52%
Melbourne Greg Inglis
52%
Canberra Hudson Young
52%
Easts James Tedesco
52%
Cronulla Jason Stevens
52%
Canberra Josh Papalii
52%
Brisbane Kotoni Staggs
52%
Newcastle Kurt Gidley
52%
Brisbane Lote Tuqiri
52%
Penrith Luke Priddis
52%
Newcastle Matthew Gidley
52%
Cronulla Matt Rogers
52%
Nth Qld Matt Scott
52%
Parramatta Mitchell Moses
52%
Nth Qld Rueben Cotter
52%
Canberra Terry Campese
52%
Newcastle Timana Tahu
52%
Brisbane Wendell Sailor
52%
Brisbane Willie Carne
52%
Easts Anthony Minichiello
48%
Manly Anthony Watmough
48%
Canterbury Braith Anasta
48%
Melbourne Brett White
48%
Brisbane Corey Parker
48%
Easts Craig Fitzgibbon
48%
Newcastle Danny Buderus
48%
Brisbane Darius Boyd
48%
Canterbury Hazem El Masri
48%
Parramatta Jarryd Hayne
48%
Easts Luke Ricketson
48%
Penrith Mark Geyer
48%
Nth Qld Matt Bowen
48%
Penrith Matt Sing
48%
Nth Qld Murray Taulagi
48%
Cronulla Nicho Hynes
48%
West Tigers Robbie Farah
48%
West Tigers Scott Prince
48%
Canberra Shannon Boyd
48%
Brisbane Shaun Berrigan
48%
Brisbane Steve Renouf
48%
Nth Qld Tom Dearden
48%
St George Illawarra Trent Barrett
48%
Newcastle Adam MacDougall
43%
Souths Alex Johnston
43%
Canterbury Andrew Ryan
43%
Easts Andrew Walker
43%
Easts Boyd Cordner
43%
Manly Brent Kite
43%
Melbourne Brett Kimmorley
43%
Easts Crag Wing
43%
Penrith Craig Gower
43%
Newcastle Dane Gagai
43%
Souths Dylan Walker
43%
Penrith Greg Alexander
43%
Canberra Jack Wighton
43%
Nth Qld James Tamou
43%
Nth Qld Jeremiah Nanai
43%
Brisbane Jharal Yow-Yeh
43%
Easts Lindsay Collins
43%
Nth Qld Luke O'Donnell
43%
Penrith Luke Rooney
43%
Canterbury Matt Burton
43%
Nth Qld Michael Morgan
43%
Penrith Ryan Girdler
43%
Melbourne Ryan Hoffman
43%
Easts Shannon Hegarty
43%
Canterbury Steve Price
43%
Brisbane Thomas Flegler
43%
Gold Coast Tino Fa'asuamaleaui
43%
St George Illawarra Tyson Frizell
43%
Canterbury | Warriors Willie Tonga
43%
St George Illawarra Zac Lomax
43%
West Tigers Aaron Woods
38%
Melbourne Antonio Kaufusi
38%
St George Illawarra Ben Creagh
38%
Norths Billy Moore
38%
Brisbane Brent Tate
38%
St George Illawarra Brett Morris
38%
West Tigers Chris Lawrence
38%
Manly Cliff Lyons
38%
Manly Danny Moore
38%
Canberra David Furner
38%
Parramatta Eric Grothe
38%
Melbourne Felise Kaufusi
38%
Manly Ian Roberts
38%
Easts Jake Friend
38%
Canterbury Jamal Idris
38%
St George Illawarra Jason Ryles
38%
Canterbury Josh Morris
38%
Canterbury Mark O'Meley
38%
Brisbane Michael De Vere
38%
Easts Nate Myles
38%
Melbourne Will Chambers
38%
Newcastle Akuila Uate
33%
Canterbury Ben Hannant
33%
Easts Blake Ferguson
33%
Canterbury Brett Dallas
33%
Brisbane Dane Carlaw
33%
Canberra David Shillington
33%
Souths David Taylor
33%
Manly Martin Bella
33%
Easts Todd Carney
33%
Penrith Trent Waterhouse
33%
Crushers Trevor Gillmeister
33%
Gold Coast Anthony Laffranchi
29%
Balmain Ben Elias
29%
Norths Ben Ikin
29%
Canberra Brad Clyde
29%
Brisbane Brad Meyers
29%
Cronulla Chris McKenna
29%
Melbourne Israel Folau
29%
Penrith Joel Clinton
29%
Canberra Joel Monaghan
29%
Canterbury Josh Jackson
29%
Easts Luke Keary
29%
Brisbane Matt Gillett
29%
Penrith Michael Jennings
29%
Parramatta Michael Vella
29%
Balmain Paul Sironen
29%
Norths Peter Jackson
29%
Penrith Reagan Campbell-Gillard
29%
Manly Steve Menzies
29%
Balmain Steve Roach
29%
Balmain Tim Brasher
29%
St George Illawarra Ben Hornby
24%
Nth Qld Carl Webb
24%
Canterbury David Gillespie
24%
Canterbury Dean Pay
24%
Canberra Gary Coyne
24%
Manly Geoff Toovey
24%
Penrith John Cartwright
24%
Manly John Hopoate
24%
Brisbane Justin Hodges
24%
St George Illawarra Luke Bailey
24%
St George Mark Coyne
24%
Brisbane Michael Hancock
24%
St George Illawarra Nathan Blacklock
24%
Newcastle Paul Harragon
24%
Cronulla Phil Bailey
24%
Newcastle Robbie O'Davis
24%
Easts Aiden Guerra
19%
Wests Bob Lindner
19%
St George Brad Mackay
19%
Norths David Fairleigh
19%
Manly Des Hasler
19%
Canberra Gary Belcher
19%
Norths Gary Larson
19%
Penrith Graham Mackay
19%
Cronulla James Maloney
19%
Canterbury Jason Hetherington
19%
Bulldogs Jim Dymock
19%
Melbourne Jordan McLean
19%
North Qld Justin O'Neill
19%
Cronulla Mark McGaw
19%
Canterbury Reni Maitua
19%
Melbourne Robbie Kearns
19%
Illawarra Rod Wishart
19%
St George Scott Gourley
19%
Parramarra Semi Radradra
19%
Newcastle Steve Simpson
19%
Canberra Tom Learoyd-Lahrs
19%
Cronulla Aaron Raper
14%
Canterbury Bruce McGuire
14%
Brisbane Dale Shearer
14%
Canterbury David Klemmer
14%
Parramatta John Simon
14%
St George Illawarra Josh Dugan
14%
Brisbane Josh McGuire
14%
Canberra Ken Nagas
14%
Manly Nik Kosef
14%
Melbourne Robbie Ross
14%
Newcastle Sione Mata'utia
14%
Newcastle Adam Muir
10%
Canterbury Darren Britt
10%
Norths Greg Florimo
10%
Manly Michael O'Connor
10%
Canberra Nick Cotric
10%
Brisbane Paul Hauff
10%
Cronulla Russell Richardson
10%
St George Illawarra Trent Merrin
10%
Manly Daniel Gartner
5%
Newcastle Jamie Ainscough
5%
Wests Jim Serdaris
5%
Penrith Josh Mansour
5%
Manly Josh Perry
5%
Cronulla Kade Snowden
5%
Brisbane Mark Hohn
5%
Newcastle Mark Sargent
5%
Penrith Matt Adamson
5%
Penrith Matt Moylan
5%
St George Illawarra Michael Weyman
5%
Illawarra Paul McGregor
5%
St George Illawarra Paul Vaughan
5%
Warriors Richard Villasanti
5%
St George Illawarra Shaun Timmins
5%
St George Wayne Bartrim
5%
Cronulla Craig Greenhill
0%
Easts Craig Salvatori
0%
West Tigers Keith Galloway
0%
Norths Michael Buettner
0%
Melbourne Rodney Howe
0%
No matching quizzes found
Score Distribution
Percent of People with Each Score
Percentile by Number Answered
Your Score History
You have not taken this quiz